00874nam a22002417a 450000500170000000800410001702000180005804000070007604100120008308200180009510000280011324500730014126000410021430000260025536500580028165000210033965000230036065000310038365000250041494200120043999900190045195201620047020260401151709.0260401b |||||||| |||| 00| 0 eng d a9788126537723 cAL aEnglish a621.312bKITE aJames L Kirtley9260009 aElectric power principlesb: Sources conversion distribution and use aNew DelhibWiley India Pvt Ltdc2010 a391 p.bPBc23x18 cm. aVBI-2645b₹821.25c₹d₹1095.00e25%f20-02-2026 aElectric9260010 aAC Voltage9260011 aTransmission lines9260012 aTransformers9260013 2ddccBK c241104d241104 00102ddc40708ECE aSEbSEd2026-03-24eVidyathri Books, Bengaluru-560076g821.25l0o621.312 KITEpSE000373r2026-04-01 15:19:03v1095.00w2026-02-20yBK